神戸市バスの営業所 - Statistics

General Stats
  • This quiz has been taken 9 times
  • The average score is 3 of 9
Answer Stats
Answer % Correct
垂水
71%
石屋川
57%
西神
57%
中央
43%
松原
43%
魚崎
29%
中央南
14%
落合
14%
清水が丘
14%
No matching quizzes found
Score Distribution
Percent of People with Each Score
Percentile by Number Answered
Your Score History
You have not taken this quiz